[Event "SVK-chT2D 1516"]
[Site "Slovakia"]
[Date "2016.02.13"]
[Round "8.4"]
[White "Savina, Miroslav"]
[Black "Veselovsky, Jan"]
[Result "0-1"]
[WhiteElo "1810"]
[BlackElo "2031"]
[PlyCount "72"]
[EventDate "2015.10.17"]
[EventType "team-tourn"]
[EventRounds "11"]
[EventCountry "SVK"]
[SourceTitle "EXT 2017"]
[Source "ChessBase"]
[SourceDate "2016.10.25"]
[SourceVersion "1"]
[SourceVersionDate "2016.10.25"]
[SourceQuality "1"]
[WhiteTeam "Kosice Dynamo"]
[BlackTeam "Bardejov II"]
[WhiteTeamCountry "SVK"]
[BlackTeamCountry "SVK"]

1. e4 c5 2. Nc3 Nc6 3. g3 g6 4. Bg2 Bg7 5. Nge2 Nf6 6. 0-0 0-0 7. d3 d6 8. h3 Rb8 9. a4 a6 10. Be3 b5 11. axb5 axb5 12. Qd2 Be6 13. Bh6 Qc8 14. Bxg7 Kxg7 15. Nf4 Bd7 16. Kh2 Nd4 17. Nce2 e5 18. Nxd4 cxd4 19. Ne2 Qc5 20. b4 Qc7 21. c3 dxc3 22. Qxc3 Rfc8 23. Rfc1 Qb6 24. Qe1 Ra8 25. Rxc8 Rxc8 26. Nc3 Qd4 27. Nd5 Nxd5 28. exd5 Rc2 29. Ra6 Rxf2 30. Rxd6 Qb2 31. Qg1 Bf5 32. Kh1 Bxd3 33. Rc6 Qe2 34. Rc1 Be4 35. Qxf2 Qxf2 36. Bxe4 Qe3 0-1

[Event "SVK-chT2D 1516"]
[Site "Slovakia"]
[Date "2016.01.24"]
[Round "7.6"]
[White "Nadzamova, Sofia"]
[Black "Savina, Miroslav"]
[Result "1/2-1/2"]
[WhiteElo "1808"]
[BlackElo "1810"]
[PlyCount "59"]
[EventDate "2015.10.17"]
[EventType "team-tourn"]
[EventRounds "11"]
[EventCountry "SVK"]
[SourceTitle "EXT 2017"]
[Source "ChessBase"]
[SourceDate "2016.10.25"]
[SourceVersion "1"]
[SourceVersionDate "2016.10.25"]
[SourceQuality "1"]
[WhiteTeam "Kosice Slavia IV"]
[BlackTeam "Kosice Dynamo"]
[WhiteTeamCountry "SVK"]
[BlackTeamCountry "SVK"]

1. e4 e5 2. Nf3 Nf6 3. Nxe5 d6 4. Nf3 Nxe4 5. Nc3 Nxc3 6. dxc3 Nc6 7. Be3 Bg4 8. h3 Bh5 9. g4 Bg6 10. Rg1 Be7 11. Qd2 h5 12. 0-0-0 hxg4 13. hxg4 Qd7 14. Bb5 a6 15. Ne5 Qe6 16. Bxc6+ bxc6 17. Nxg6 Qxg6 18. Rge1 Kd7 19. Qd3 Qxd3 20. cxd3 d5 21. Rh1 a5 22. Kc2 a4 23. Bd4 f6 24. Be3 c5 25. d4 c4 26. a3 Raf8 27. Rdg1 Ke6 28. Re1 Kd7 29. Reg1 Ke6 30. Re1 1/2-1/2